Plantae Colombianae XIX: e Partibus amazonicis witotorum plantae fructuariae sativae novae (Registro nro. 11405)
[ vista simple ]
| 000 -CABECERA | |
|---|---|
| Campo de control | 006140000a22001810004500 |
| 090 ## - CLASIFICACIÓN LOCAL | |
| Colección | AR |
| Consecutivo | 02334 |
| 041 0# - IDIOMA | |
| Código de idioma para texto/pista de sonido o título separado | |
| 100 1# - ASIENTO PRINCIPAL--NOMBRE PERSONAL | |
| Nombre personal | Evans Schultes, Richard |
| 245 10 - MENCION DE TITULO | |
| Título | Plantae Colombianae XIX: e Partibus amazonicis witotorum plantae fructuariae sativae novae |
| 650 14 - ASIENTO SECUNDARIO DE MATERIA - TERMINO TEMATICO | |
| Término temático o nombre geográfico como elemento de entrada | Botánica |
| 650 14 - ASIENTO SECUNDARIO DE MATERIA - TERMINO TEMATICO | |
| Término temático o nombre geográfico como elemento de entrada | Frutas silvestres |
| 650 14 - ASIENTO SECUNDARIO DE MATERIA - TERMINO TEMATICO | |
| Término temático o nombre geográfico como elemento de entrada | Etnobotánica |
| 651 #4 - ASIENTO SECUNDARIO DE MATERIA - NOMBRE GEOGRAFICO | |
| -- | Amazonía, Colombia |
| 653 ## - TERMINO DE INDIZACION - NO CONTROLADO | |
| -- | Apocynaceae |
| -- | Macoubea |
| -- | Macoubea witotorum |
| 653 ## - TERMINO DE INDIZACION - NO CONTROLADO | |
| -- | Leguminosae |
| -- | Inga |
| -- | Inga chorerana |
| 773 1# - Item fuente: | |
| Título | Botanical Museum Leaflets |
| Especificación de materiales | 1203 |
| Descripción física | 8 |
| Paginas del Articulo | 193-205 |
| Lugar, editorial y fecha de publicación | 1976 |
| Información sobre la relación | 24 |
| 942 ## - ELEMENTOS ADICIONALES (KOHA) | |
| Tipo de ítem | Artículo |
| Withdrawn status | Lost status | Damaged status | No para préstamo | Colección | Ubicación Permanente | Ubicación actual | Fecha de adquisición | Datos de publicación Seriada | Total Checkouts | Número topográfico | Inventario / Código de Barras | Date last seen | Ejemplar | Price effective from | Forma de adquisición | Tipo de material |
|---|---|---|---|---|---|---|---|---|---|---|---|---|---|---|---|---|
| No para Préstamo | Hemeroteca | Bogotá | Bogotá | 27/02/2015 | Fuera de circulación | AR 02334 | 012747 | 25/03/2015 | 1 | 25/03/2015 | Artículo |